000 00633nam a2200205Ii 4500
003 JO-AjNU
008 230605s9999||||xx |||||||||||||| ||und||
040 _aJO-AjNU
_bara
_erda
_cJO-AjNU
041 _aara
050 1 4 _aBF408.M8.1978
100 3 _aسالم، محمد عزيز نظمي ,
_eauthor
_939957
245 0 0 _aالابداع في علم الجمال
250 _aط1
264 3 1 _aالقاهرة:دار المعارف،1978
300 _a164ص
336 _atext
_btxt
_2rdacontent
337 _aunmediated
_bn
_2rdamedia
338 _avolume
_bnc
_2rdacarrier
650 4 _aالابداع-علم الجمال
_939958
999 _aA16918
_c20486
_d20486